Histoire - Première femme à... - Statistiques

Statistiques générales
  • Ce quiz a été pris 45 fois
    7 depuis la dernière actualisation
  • Le résultat moyen est 5 sur 17
Statistiques - réponses
Hint Réponse % Correct
Première femme à traverser l'Atlantique en avion en juin 1928. Amelia Earhart
71%
Première femme qui a reçu un Prix Nobel. Marie Curie
57%
Première femme astronaute au monde, le 16 juin 1963. Valentina Terechkova
57%
Première femme qui a reçu le Prix Goncourt en 1945. Elsa Triolet
43%
Première française à soutenir un doctorat en droit en 1892. Jeanne Chauvin
43%
Première femme américaine à devenir millionnaire par elle-même. Madam C. J. Walker
43%
Première femme présidente de la République (Islande). Vigdís Finnbogadóttir
43%
Première femme major du concours d'entrée à Polytechnique en 1972. Anne Chopinet
29%
Première femme ministre aux États-Unis (soit "Secrétaire au Travail" de l'administration Roosevelt du 4 mars 1933 au 30 juin 1945). Frances Perkins
29%
Première femme première ministre en 1960 (Sri Lanka). Sirimavo Bandaranaike
29%
Première femme à obtenir l'équivalent du baccalauréat, le 17 août 1861. Victoire Daubié
29%
Première femme médecin au monde. Elizabeth Blackwell
14%
Première femme ministre en France (soit "Ministre de la Santé publique et de la Population" de 1947 à 1948). Germaine Poinso-Chapuis
14%
Première femme cheffe de l’United States Navy entrée en fonction le 2 novembre 2023. Lisa Franchetti
14%
Première femme médecin en France. Madeleine Brès
14%
Première femme du parti démocrate à être élue au Congrès des États-Unis. Mary Teresa Norton
14%
Première femme à devenir avocate en France le 19 décembre 1900. Jeanne Chauvin
0%
Aucun quiz correspondant
Distribution des résultats
% des personnes avec chaque résultat
Percentile par nombre de réponses
Votre historique - résultats
Vous n’avez pas pris ce quiz depuis la dernière actualisation